000 00354nam a2200133Ia 4500
008 240624s9999 xx 000 0 und d
041 _aeng
082 _a332.042 ELS
100 _aELSON ANTHONY
245 _aGOVERNING GLOBAL FINANCE THE EVOLUTION A
260 _c2011
_aNew York
_bPalgrave Macmillan
300 _aix, 278 p.; 23 cm.
365 _cERU
_b38
999 _c30542
_d30542